[Event "CYCC U14"]
[Site "Sault Ste Marie CAN"]
[Date "2017.07.07"]
[Round "4.3"]
[White "Vettese, Nicholas"]
[Black "Huang, Qiuyu"]
[Result "1/2-1/2"]
[WhiteElo "2234"]
[BlackElo "2239"]
[PlyCount "146"]
[GameId "2160767908410525"]
[EventDate "2017.07.06"]
[EventType "swiss"]
[EventRounds "7"]
[EventCountry "CAN"]
[SourceTitle "hb 2017"]

1. e4 c5 2. Nf3 Nc6 3. d4 cxd4 4. Nxd4 e5 5. Nb5 d6 6. g3 a6 7. N5c3 f5 8. Bg2 Be7 9. O-O Nf6 10. Bg5 Nxe4 11. Nxe4 fxe4 12. Bxe7 Nxe7 13. Bxe4 O-O 14. Nc3 Be6 15. Nd5 Nf5 16. c3 Rc8 17. Qd2 Rc5 18. Rad1 g6 19. Rfe1 Rf7 20. Bg2 Rd7 21. f4 Kg7 22. Kh1 b5 23. Qf2 Qf8 24. fxe5 dxe5 25. Rxe5 Bxd5 26. Rexd5 Rcxd5 27. Rxd5 Rxd5 28. Bxd5 Qd6 29. Be4 Qe6 30. Qf4 Nd6 31. Bf3 Nf5 32. Qe4 Qxa2 33. Qe5+ Kh6 34. Qe2 Qb1+ 35. Kg2 Qc1 36. Kf2 Qg5 37. Qe8 Qd2+ 38. Be2 Qd6 39. Qe4 Qc5+ 40. Kg2 Kg7 41. Qb7+ Kh6 42. Qe4 Kg7 43. g4 Ne7 44. Bf3 Kf7 45. Qf4+ Ke6 46. Bb7 a5 47. Kf3 Kd7 48. Be4 Qg1 49. Qd2+ Ke8 50. Qe2 Qh1+ 51. Kf4 Qc1+ 52. Ke5 Qg5+ 53. Ke6 Qc5 54. Qd3 Qc8+ 55. Kf6 Qc5 56. Ke6 Qc8+ 57. Kd6 Qb8+ 58. Kc5 Qxh2 59. Qxb5+ Kf8 60. Kb6 Qf4 61. Qe2 Qe5 62. Bf3 Qg5 63. Qe4 Qd2 64. Qe2 Qg5 65. c4 Nc8+ 66. Kb7 Qc5 67. Qe6 Nd6+ 68. Ka8 Nxc4 69. Qf6+ Kg8 70. g5 Qf8+ 71. Qxf8+ Kxf8 72. b3 Nd2 73. Bd5 Kg7 1/2-1/2

[Event "CYCC U14"]
[Site "Sault Ste Marie CAN"]
[Date "2017.07.08"]
[Round "5.35"]
[White "Vettese, Nicholas"]
[Black "Talukdar, Rohan"]
[Result "1/2-1/2"]
[WhiteElo "2234"]
[BlackElo "2265"]
[PlyCount "82"]
[GameId "2160767908410549"]
[EventDate "2017.07.06"]
[EventType "swiss"]
[EventRounds "7"]
[EventCountry "CAN"]
[SourceTitle "EXT 2022"]
[Source "ChessBase"]
[SourceDate "2021.10.06"]
[SourceVersion "1"]
[SourceVersionDate "2021.10.06"]
[SourceQuality "1"]

1. e4 c5 2. Nf3 d6 3. d4 cxd4 4. Nxd4 Nf6 5. Nc3 g6 6. Be3 Bg7 7. f3 O-O 8. Qd2 Nc6 9. g4 Nxd4 10. Bxd4 Be6 11. Nd5 Bxd5 12. exd5 Qc7 13. h4 Rac8 14. Rh2 e5 15. dxe6 fxe6 16. O-O-O Nd5 17. Bxg7 Qxg7 18. h5 g5 19. h6 Qf6 20. Qd4 Qxd4 21. Rxd4 Rxf3 22. Bc4 Rf4 23. Bxd5 exd5 24. Rxd5 Rxg4 25. Rxd6 Rg1+ 26. Kd2 g4 27. Rd7 Kh8 28. Rf2 Rh1 29. Rg2 Rg8 30. Rxb7 Rxh6 31. Rxa7 g3 32. Ra4 Rh1 33. Ra6 Rh3 34. Rf6 h5 35. Ke2 h4 36. Rf1 Kh7 37. a4 Rb8 38. b3 Kg6 39. a5 Kg5 40. Ra1 Re8+ 41. Kf3 Rf8+ 1/2-1/2

[Event "CYCC U14"]
[Site "Sault Ste Marie CAN"]
[Date "2017.07.09"]
[Round "6.32"]
[White "Chung, Alec"]
[Black "Vettese, Nicholas"]
[Result "0-1"]
[WhiteElo "1799"]
[BlackElo "2234"]
[PlyCount "106"]
[GameId "2160767908410567"]
[EventDate "2017.07.06"]
[EventType "swiss"]
[EventRounds "7"]
[EventCountry "CAN"]
[SourceTitle "EXT 2022"]
[Source "ChessBase"]
[SourceDate "2021.10.06"]
[SourceVersion "1"]
[SourceVersionDate "2021.10.06"]
[SourceQuality "1"]

1. c4 Nf6 2. Nc3 d5 3. d4 g6 4. Nf3 Bg7 5. Bf4 O-O 6. e3 c6 7. Qb3 Qa5 8. Be2 dxc4 9. Bxc4 b5 10. Be2 Be6 11. Qc2 b4 12. Nd1 Bf5 13. Qc5 Qxc5 14. dxc5 Nbd7 15. Ne5 Nxe5 16. Bxe5 Nd7 17. Bxg7 Kxg7 18. g4 Be6 19. Bf3 Ne5 20. Be2 Nxg4 21. a3 a5 22. f4 Bd5 23. Rf1 Nf6 24. Nf2 Nd7 25. e4 Be6 26. Nd3 Bc4 27. Ne5 Bxe2 28. Kxe2 Nxe5 29. fxe5 Rab8 30. a4 b3 31. Rfd1 Rfd8 32. Rd3 Rxd3 33. Kxd3 Rb4 34. Kc3 g5 35. Rd1 Rxe4 36. Rd7 Rxe5 37. Kd4 Re2 38. Rc7 Rd2+ 39. Kc4 Rc2+ 40. Kxb3 Rxc5 41. Rxe7 h5 42. Ka3 g4 43. Re3 f5 44. b4 f4 45. Rd3 axb4+ 46. Kxb4 Rf5 47. a5 f3 48. a6 f2 49. a7 Rf8 50. Rd1 h4 51. Rf1 g3 52. hxg3 hxg3 53. Kc4 Ra8 0-1

[Event "CYCC U14"]
[Site "Sault Ste Marie CAN"]
[Date "2017.07.10"]
[Round "7.30"]
[White "Vettese, Nicholas"]
[Black "Hua, Eugene"]
[Result "1-0"]
[WhiteElo "2234"]
[BlackElo "2358"]
[PlyCount "113"]
[GameId "2160767908410586"]
[EventDate "2017.07.06"]
[EventType "swiss"]
[EventRounds "7"]
[EventCountry "CAN"]
[SourceTitle "hb 2017"]

1. e4 c5 2. Nf3 e6 3. d4 cxd4 4. Nxd4 Nc6 5. g3 d5 6. Nc3 Nf6 7. Bg2 Bc5 8. Nb3 Bb4 9. O-O Bxc3 10. exd5 Nxd5 11. bxc3 O-O 12. Ba3 Re8 13. c4 Nb6 14. Qe2 Nd4 15. Qd3 e5 16. Nxd4 Qxd4 17. Qxd4 exd4 18. Rfe1 Be6 19. Bxb7 Rab8 20. Bc6 Bd7 21. Bxd7 Nxd7 22. Bd6 Rxe1+ 23. Rxe1 Rc8 24. Re7 Nb6 25. c5 Nd5 26. Rxa7 Nb4 27. Rb7 Nxc2 28. c6 d3 29. Bf4 Kf8 30. Bd6+ Ke8 31. c7 Kd7 32. Bf4 Nd4 33. Kf1 g5 34. Bxg5 Rxc7 35. Rxc7+ Kxc7 36. Bf4+ Kc6 37. Ke1 Nf3+ 38. Kd1 Kb5 39. h4 Kb4 40. Bd6+ Kc3 41. a4 Kc4 42. a5 Kb5 43. Bc7 Kc6 44. Bb6 h5 45. Bd8 Kb5 46. g4 hxg4 47. h5 Ne5 48. Bf6 g3 49. fxg3 Ng4 50. Bg7 Nf2+ 51. Kd2 Ne4+ 52. Kxd3 Nxg3 53. h6 Nh5 54. Ke3 f5 55. Be5 f4+ 56. Kf3 Kxa5 57. h7 1-0

[Event "Ontario op"]
[Site "Ottawa CAN"]
[Date "2017.05.20"]
[Round "1"]
[White "Yao, Sammy"]
[Black "Vettese, Nicholas"]
[Result "1-0"]
[WhiteElo "2083"]
[BlackElo "2186"]
[PlyCount "91"]
[GameId "2160767908411356"]
[EventDate "2017.05.20"]
[EventType "swiss"]
[EventRounds "6"]
[EventCountry "CAN"]
[SourceTitle "EXT 2022"]
[Source "ChessBase"]
[SourceDate "2021.10.06"]
[SourceVersion "1"]
[SourceVersionDate "2021.10.06"]
[SourceQuality "1"]

1. c4 Nf6 2. g3 g6 3. Bg2 d5 4. cxd5 Nxd5 5. Nc3 Nb6 6. Nf3 Bg7 7. O-O O-O 8. d4 a5 9. Bf4 Nc6 10. d5 Bxc3 11. dxc6 Qxd1 12. Raxd1 Bxb2 13. Bxc7 Nc4 14. Nd4 b6 15. Bd5 Ba6 16. a4 Rfc8 17. Nb5 Na3 18. Bxb6 Bxb5 19. axb5 Nxb5 20. c7 Ra6 21. Bb7 Rxb6 22. Rd8+ Kg7 23. Rxc8 Nd6 24. Rb8 a4 25. Bd5 Bd4 26. Rxb6 Bxb6 27. Rc1 e6 28. Bb7 a3 29. c8=Q Nxc8 30. Rxc8 Bd4 31. Ra8 Bb2 32. Be4 Kf6 33. f4 Ke7 34. Bb1 Kd6 35. Kf1 h6 36. Ke1 e5 37. fxe5+ Kxe5 38. Kd2 Kf6 39. Ra7 Kg5 40. Rxf7 Kg4 41. Rf4+ Kg5 42. e4 Bd4 43. Rf1 Kg4 44. Kd3 Be5 45. Kc4 Kh3 46. Rf2 1-0

[Event "Ontario op"]
[Site "Ottawa CAN"]
[Date "2017.05.21"]
[Round "4"]
[White "Marin, Sam"]
[Black "Vettese, Nicholas"]
[Result "0-1"]
[WhiteElo "2027"]
[BlackElo "2186"]
[PlyCount "84"]
[GameId "2160767908411370"]
[EventDate "2017.05.20"]
[EventType "swiss"]
[EventRounds "6"]
[EventCountry "CAN"]
[SourceTitle "EXT 2022"]
[Source "ChessBase"]
[SourceDate "2021.10.06"]
[SourceVersion "1"]
[SourceVersionDate "2021.10.06"]
[SourceQuality "1"]

1. e4 c5 2. Nf3 d6 3. Nc3 Nf6 4. d4 cxd4 5. Nxd4 a6 6. Bc4 e6 7. Be3 b5 8. Bd3 Bb7 9. f3 Nbd7 10. Qd2 Qc7 11. O-O b4 12. Nce2 d5 13. exd5 Nxd5 14. Bf2 Bd6 15. Bg3 Bxg3 16. Nxg3 Qc5 17. Qf2 Nf4 18. Be4 Bxe4 19. fxe4 Ne5 20. Rad1 Nfg6 21. Nf3 Qxf2+ 22. Rxf2 Ke7 23. Rd4 a5 24. Nxe5 Nxe5 25. Nf1 Rhd8 26. Rfd2 Rxd4 27. Rxd4 Rd8 28. Rxd8 Kxd8 29. Ne3 Kc7 30. Kf2 Kc6 31. Ke2 Kc5 32. c3 bxc3 33. bxc3 Nc4 34. Nc2 g6 35. h3 Nd6 36. Kd3 f5 37. exf5 gxf5 38. Nd4 Kd5 39. Nc2 f4 40. Na3 e5 41. c4+ Kc5 42. Kc3 e4 0-1

[Event "Ontario op"]
[Site "Ottawa CAN"]
[Date "2017.05.22"]
[Round "5"]
[White "Vettese, Nicholas"]
[Black "Cai, Jason"]
[Result "1-0"]
[WhiteElo "2186"]
[BlackElo "1946"]
[PlyCount "89"]
[GameId "2160767908411377"]
[EventDate "2017.05.20"]
[EventType "swiss"]
[EventRounds "6"]
[EventCountry "CAN"]
[SourceTitle "EXT 2022"]
[Source "ChessBase"]
[SourceDate "2021.10.06"]
[SourceVersion "1"]
[SourceVersionDate "2021.10.06"]
[SourceQuality "1"]

1. e4 e6 2. d4 d5 3. Nc3 Bb4 4. e5 c5 5. a3 Bxc3+ 6. bxc3 Qa5 7. Bd2 Qa4 8. Qg4 Kf8 9. Kd1 Nc6 10. Nf3 Nge7 11. Qf4 h6 12. h4 cxd4 13. cxd4 b6 14. h5 Ba6 15. Bxa6 Qxa6 16. Nh4 Ke8 17. Bc3 Rc8 18. Rh3 Na5 19. Bxa5 Qxa5 20. Rf3 Rf8 21. Ng6 Nxg6 22. hxg6 f6 23. exf6 Rxf6 24. Qe3 Rxg6 25. Rg3 Qa4 26. Rc1 Rf6 27. Rxg7 Rc4 28. Rg4 h5 29. Rh4 Kd7 30. Kd2 Rf5 31. c3 Qxa3 32. g4 hxg4 33. Rh7+ Kd6 34. Rh6 Kc7 35. Rxe6 Qf8 36. Re7+ Kd8 37. Rxa7 Rxf2+ 38. Ke1 Rf1+ 39. Ke2 Qf3+ 40. Qxf3 Rxf3 41. Rh1 Rf8 42. Rh5 Rxc3 43. Rxd5+ Ke8 44. Ra8+ Ke7 45. Re5+ 1-0

[Event "Ontario op"]
[Site "Ottawa CAN"]
[Date "2017.05.22"]
[Round "6"]
[White "Song, Michael"]
[Black "Vettese, Nicholas"]
[Result "1-0"]
[WhiteElo "2547"]
[BlackElo "2186"]
[PlyCount "65"]
[GameId "2160767908411382"]
[EventDate "2017.05.20"]
[EventType "swiss"]
[EventRounds "6"]
[EventCountry "CAN"]
[SourceTitle "EXT 2022"]
[Source "ChessBase"]
[SourceDate "2021.10.06"]
[SourceVersion "1"]
[SourceVersionDate "2021.10.06"]
[SourceQuality "1"]

1. d4 Nf6 2. c4 g6 3. Nc3 d5 4. Nf3 Bg7 5. h4 Bg4 6. Ne5 Bf5 7. Qb3 Nc6 8. e3 Nxe5 9. dxe5 Nd7 10. cxd5 Nxe5 11. e4 Bc8 12. h5 c6 13. h6 Bf6 14. f4 Ng4 15. e5 Nxe5 16. fxe5 Bxe5 17. Be3 Bg3+ 18. Kd2 e6 19. Qb4 exd5 20. Bd3 Qd6 21. a3 Be6 22. Ne2 Qxb4+ 23. axb4 Bd6 24. Kc3 Be5+ 25. Bd4 Bxd4+ 26. Nxd4 Kd7 27. Rhf1 Rhe8 28. Rf6 a6 29. Raf1 Re7 30. Nf3 a5 31. Ne5+ Ke8 32. Bxg6 axb4+ 33. Kxb4 1-0

[Event "CMA Futurity 2017.02.14 ABC"]
[Site "Toronto CAN"]
[Date "2017.04.15"]
[Round "2"]
[White "Liu, Lambert"]
[Black "Vettese, Nicholas"]
[Result "1-0"]
[WhiteElo "1923"]
[BlackElo "2051"]
[PlyCount "73"]
[GameId "2160767908411974"]
[EventDate "2017.04.14"]
[EventType "tourn"]
[EventRounds "5"]
[EventCountry "CAN"]

1. e4 c5 2. Nf3 d6 3. d4 cxd4 4. Nxd4 Nf6 5. Nc3 a6 6. h3 e5 7. Nde2 Be6 8. g4 h6 9. Bg2 b5 10. O-O Nbd7 11. Nd5 Bxd5 12. exd5 Be7 13. a4 Nb6 14. axb5 axb5 15. Rxa8 Qxa8 16. Qd3 Qa5 17. Ng3 g6 18. Ne4 Nbd7 19. Bd2 Qb6 20. Nxf6+ Bxf6 21. Ra1 Bg5 22. Ra8+ Nb8 23. Bf1 Bxd2 24. Qxd2 h5 25. Qb4 O-O 26. gxh5 gxh5 27. Qh4 f5 28. Qg5+ Kh8 29. Qxh5+ Kg8 30. Ra3 f4 31. Qg6+ Kh8 32. Qh6+ Kg8 33. Bd3 Rf7 34. Qe6 Kg7 35. Rc3 Rc7 36. Qg6+ Kf8 37. Qf6+ 1-0

[Event "CMA Futurity 2017.02.14 ABC"]
[Site "Toronto CAN"]
[Date "2017.04.15"]
[Round "3"]
[White "Vettese, Nicholas"]
[Black "Zotkin, Daniel"]
[Result "1-0"]
[WhiteElo "2051"]
[BlackElo "1986"]
[PlyCount "117"]
[GameId "2160767908411983"]
[EventDate "2017.04.14"]
[EventType "tourn"]
[EventRounds "5"]
[EventCountry "CAN"]
[SourceTitle "EXT 2022"]
[Source "ChessBase"]
[SourceDate "2021.10.06"]
[SourceVersion "1"]
[SourceVersionDate "2021.10.06"]
[SourceQuality "1"]

1. e4 c5 2. Nf3 Nc6 3. d4 cxd4 4. Nxd4 e5 5. Nb5 d6 6. c4 Be7 7. N1c3 a6 8. Na3 f5 9. exf5 Bxf5 10. Nc2 Bxc2 11. Qxc2 Nf6 12. Be3 Ng4 13. Bd3 Nf6 14. O-O O-O 15. Nd5 Nxd5 16. Bxh7+ Kh8 17. cxd5 Nb4 18. Qe4 Nxd5 19. Qxd5 Kxh7 20. Qxb7 d5 21. Rfd1 d4 22. Qe4+ Kh8 23. Qxe5 Bf6 24. Qh5+ Kg8 25. Bd2 Qb6 26. Qd5+ Kh8 27. Rab1 Rae8 28. Ba5 Qb8 29. Rd3 g6 30. Bd2 Kg7 31. Rh3 Rh8 32. Rxh8 Rxh8 33. Qd7+ Kg8 34. g3 Qb5 35. Qe6+ Kg7 36. Rc1 Bd8 37. Bf4 Re8 38. Qd6 d3 39. Rd1 Bf6 40. Rxd3 Qxb2 41. Rb3 Qa1+ 42. Kg2 Re7 43. Rb6 Qd4 44. Qxd4 Bxd4 45. Rd6 Bc5 46. Rc6 Bd4 47. Kf3 Rb7 48. Rc7+ Rxc7 49. Bxc7 Kf6 50. Ke2 Kf5 51. f3 Bg1 52. Kd3 Ke6 53. g4 Kd5 54. h4 Bd4 55. h5 gxh5 56. gxh5 Bg7 57. Bf4 Ke6 58. Kc4 Kf5 59. Be3 1-0

[Event "CMA Futurity 2017.02.14 ABC"]
[Site "Toronto CAN"]
[Date "2017.04.16"]
[Round "5"]
[White "Vettese, Nicholas"]
[Black "Zhao, Harry"]
[Result "0-1"]
[WhiteElo "2051"]
[BlackElo "1833"]
[PlyCount "46"]
[GameId "2160767908412000"]
[EventDate "2017.04.14"]
[EventType "tourn"]
[EventRounds "5"]
[EventCountry "CAN"]
[SourceTitle "EXT 2022"]
[Source "ChessBase"]
[SourceDate "2021.10.06"]
[SourceVersion "1"]
[SourceVersionDate "2021.10.06"]
[SourceQuality "1"]

1. e4 d5 2. exd5 Qxd5 3. Nc3 Qa5 4. d4 Nf6 5. Bc4 Bg4 6. Nf3 Nc6 7. Be3 O-O-O 8. Bxf7 e5 9. d5 e4 10. h3 exf3 11. hxg4 fxg2 12. Rg1 Bb4 13. Bd2 Nxd5 14. Nxd5 Rxd5 15. Bxd5 Re8+ 16. Qe2 Bxd2+ 17. Kd1 Rxe2 18. Kxe2 Nd4+ 19. Kd3 Qxd5 20. Kxd2 Nb3+ 21. Ke3 Nxa1 22. Rxa1 Qe5+ 23. Kf3 Qh2 0-1

[Event "Aurora Spring op"]
[Site "Aurora CAN"]
[Date "2017.04.01"]
[Round "1.2"]
[White "Kang, Dorian"]
[Black "Vettese, Nicholas"]
[Result "1/2-1/2"]
[WhiteElo "1623"]
[BlackElo "2051"]
[PlyCount "79"]
[GameId "2160767908412247"]
[EventDate "2017.04.01"]
[EventType "swiss"]
[EventRounds "5"]
[EventCountry "CAN"]
[SourceTitle "EXT 2022"]
[Source "ChessBase"]
[SourceDate "2021.10.06"]
[SourceVersion "1"]
[SourceVersionDate "2021.10.06"]
[SourceQuality "1"]

1. c4 Nf6 2. Nc3 d5 3. cxd5 Nxd5 4. e4 Nxc3 5. bxc3 g6 6. d4 Bg7 7. Bc4 c5 8. Ne2 O-O 9. Be3 Qc7 10. Rc1 Nc6 11. O-O Rd8 12. Qd2 b6 13. f4 Bg4 14. d5 Na5 15. Bd3 c4 16. Bb1 e6 17. Nd4 exd5 18. exd5 Rab8 19. h3 Bc8 20. Be4 Bb7 21. Nc2 Rd7 22. Nb4 Bf8 23. Rfd1 Re8 24. Bf3 Rxe3 25. Qxe3 Bc5 26. Rd4 Re7 27. Qd2 f5 28. Kh1 Qd6 29. Nc6 Bxc6 30. dxc6 Bxd4 31. Qxd4 Qxd4 32. cxd4 Kf8 33. d5 Ke8 34. g4 Re3 35. Kg2 c3 36. Kf2 Rd3 37. Ke2 Rd2+ 38. Ke1 Rd3 39. Ke2 Rd2+ 40. Ke1 1/2-1/2

[Event "Aurora Spring op"]
[Site "Aurora CAN"]
[Date "2017.04.01"]
[Round "2.2"]
[White "Vettese, Nicholas"]
[Black "Ranola, Alberto"]
[Result "1-0"]
[WhiteElo "2051"]
[BlackElo "1871"]
[PlyCount "101"]
[GameId "2160767908412251"]
[EventDate "2017.04.01"]
[EventType "swiss"]
[EventRounds "5"]
[EventCountry "CAN"]
[SourceTitle "EXT 2022"]
[Source "ChessBase"]
[SourceDate "2021.10.06"]
[SourceVersion "1"]
[SourceVersionDate "2021.10.06"]
[SourceQuality "1"]

1. e4 c5 2. Nf3 Nc6 3. d4 cxd4 4. Nxd4 Nf6 5. Nc3 e5 6. Ndb5 d6 7. Nd5 Nxd5 8. exd5 Ne7 9. c4 Nf5 10. Bd3 Be7 11. O-O a6 12. Nc3 O-O 13. b4 Nd4 14. Be3 f5 15. f4 Bf6 16. Rc1 Bd7 17. c5 Nb5 18. Nxb5 Bxb5 19. a4 Bxd3 20. Qxd3 e4 21. Qc4 Re8 22. Rfd1 Kh8 23. c6 Qe7 24. b5 axb5 25. axb5 Ra3 26. c7 Rc8 27. Re1 h6 28. b6 Qd7 29. Rc2 Kh7 30. Ra2 Rxa2 31. Qxa2 Qb5 32. Kf2 Bh4+ 33. g3 Bf6 34. Rb1 Qd3 35. Qb3 Qa6 36. Rc1 g5 37. Qc4 Qa3 38. fxg5 Bxg5 39. Bxg5 Qf3+ 40. Kg1 hxg5 41. Re1 Kg6 42. Qb5 Qc3 43. Rf1 Ra8 44. Qd7 Qc5+ 45. Kg2 Ra2+ 46. Kh1 Qxd5 47. Qxf5+ Qxf5 48. Rxf5 Ra8 49. Rd5 Kf6 50. Rxd6+ Ke7 51. Rd4 1-0

[Event "Aurora Spring op"]
[Site "Aurora CAN"]
[Date "2017.04.01"]
[Round "3.1"]
[White "Li, William"]
[Black "Vettese, Nicholas"]
[Result "1/2-1/2"]
[WhiteElo "2011"]
[BlackElo "2051"]
[PlyCount "107"]
[GameId "2160767908412254"]
[EventDate "2017.04.01"]
[EventType "swiss"]
[EventRounds "5"]
[EventCountry "CAN"]
[SourceTitle "EXT 2022"]
[Source "ChessBase"]
[SourceDate "2021.10.06"]
[SourceVersion "1"]
[SourceVersionDate "2021.10.06"]
[SourceQuality "1"]

1. e4 c5 2. Nf3 d6 3. Bb5+ Nd7 4. c4 Ngf6 5. Nc3 a6 6. Ba4 g6 7. O-O Bg7 8. d4 cxd4 9. Nxd4 O-O 10. Qe2 Nc5 11. Rd1 Nxa4 12. Nxa4 e5 13. Nc2 Be6 14. Bg5 Qc7 15. Bxf6 Bxf6 16. Ne3 Rfc8 17. Nd5 Bxd5 18. Rxd5 Qc6 19. b3 Bd8 20. Rad1 Bc7 21. Nb2 Rd8 22. a4 Bb6 23. Kh1 Bd4 24. Rd3 Rab8 25. a5 b6 26. axb6 Rxb6 27. Na4 Rb4 28. h4 Rdb8 29. Qf3 Qb7 30. c5 dxc5 31. Nxc5 Bxc5 32. Rd7 Rf8 33. Rxb7 Rxb7 34. Qf6 Rb6 35. Qxe5 Bxf2 36. Rd6 Rxb3 37. Qf6 Bg3 38. Rd1 Re8 39. Rf1 Rb7 40. Qxa6 Rbe7 41. Qf6 Be5 42. Qf3 Bg7 43. g4 f6 44. Re1 Re5 45. h5 f5 46. gxf5 gxf5 47. h6 Bxh6 48. Rg1+ Kh8 49. exf5 Rf8 50. f6 Re6 51. f7 Bg7 52. Rf1 Rh6+ 53. Kg2 Rg6+ 54. Kh1 1/2-1/2

[Event "Aurora Spring op"]
[Site "Aurora CAN"]
[Date "2017.04.02"]
[Round "4.2"]
[White "Vettese, Nicholas"]
[Black "Calvelo, Jelvis"]
[Result "0-1"]
[WhiteElo "2051"]
[BlackElo "2020"]
[PlyCount "74"]
[GameId "2160767908412257"]
[EventDate "2017.04.01"]
[EventType "swiss"]
[EventRounds "5"]
[EventCountry "CAN"]
[SourceTitle "EXT 2022"]
[Source "ChessBase"]
[SourceDate "2021.10.06"]
[SourceVersion "1"]
[SourceVersionDate "2021.10.06"]
[SourceQuality "1"]

1. e4 e6 2. d4 d5 3. Nc3 dxe4 4. Nxe4 Bd7 5. c4 Bc6 6. Nc3 Bb4 7. Nge2 Nf6 8. a3 Be7 9. b4 b6 10. Ng3 a5 11. b5 Bb7 12. Be3 Nbd7 13. f3 O-O 14. Bd3 Re8 15. O-O Rc8 16. f4 g6 17. Re1 Ba8 18. h3 c5 19. bxc6 Bxc6 20. Qb3 Ba8 21. Nb5 h5 22. Nh1 Ne4 23. Bxe4 Bxe4 24. Nf2 Ba8 25. Nd3 Bf8 26. Ne5 Nxe5 27. dxe5 Qh4 28. Nd6 Qg3 29. Re2 Red8 30. Nxc8 Rxc8 31. Qxb6 Rxc4 32. Rf1 a4 33. f5 exf5 34. Bd4 Qd3 35. e6 Qxe2 36. exf7+ Kh7 37. Bf2 Qe4 0-1

[Event "Aurora Spring op"]
[Site "Aurora CAN"]
[Date "2017.04.02"]
[Round "5.3"]
[White "Vettese, Nicholas"]
[Black "Noritsyn, Sergey"]
[Result "0-1"]
[WhiteElo "2051"]
[BlackElo "2097"]
[PlyCount "54"]
[GameId "2160767908412262"]
[EventDate "2017.04.01"]
[EventType "swiss"]
[EventRounds "5"]
[EventCountry "CAN"]
[SourceTitle "EXT 2022"]
[Source "ChessBase"]
[SourceDate "2021.10.06"]
[SourceVersion "1"]
[SourceVersionDate "2021.10.06"]
[SourceQuality "1"]

1. e4 d5 2. exd5 Nf6 3. d4 Nxd5 4. c4 Nb6 5. Nf3 g6 6. h3 Bg7 7. Nc3 O-O 8. Be3 Nc6 9. Be2 e5 10. d5 Ne7 11. O-O Nf5 12. c5 Nd7 13. b4 a5 14. c6 Nxe3 15. fxe3 Nb6 16. bxa5 e4 17. Nd4 Nxd5 18. Nxd5 Qxd5 19. Qb3 bxc6 20. Bc4 Qg5 21. Bxf7+ Kh8 22. Be6 Ba6 23. Rxf8+ Rxf8 24. Rd1 Qg3 25. Nxc6 Be2 26. Bg4 Bxd1 27. Bxd1 Rf2 0-1

[Event "Chess-to-Remember Active"]
[Site "Toronto CAN"]
[Date "2016.09.25"]
[Round "2.5"]
[White "Vettese, Nicholas"]
[Black "Yang, Kaiqi"]
[Result "0-1"]
[WhiteElo "2242"]
[BlackElo "2418"]
[PlyCount "128"]
[GameId "2160767740522659"]
[EventDate "2016.09.25"]
[EventType "swiss (rapid)"]
[EventRounds "5"]
[EventCountry "CAN"]
[WhiteClock "0:00:35"]
[BlackClock "0:00:47"]

1. e4 e5 2. Nf3 Nc6 3. Bc4 Nf6 4. d3 Be7 5. c3 O-O 6. O-O d5 7. exd5 Nxd5 8. h3 Kh8 9. Re1 f6 10. d4 exd4 11. Nxd4 Ne5 12. Bb3 c6 13. Nf3 Bf5 14. Bxd5 cxd5 15. Nd4 Bd7 16. Nf3 Bd6 17. Nxe5 fxe5 18. Qxd5 Bc6 19. Qc4 Qb6 20. Qe2 Bb5 21. Be3 Qc6 22. Qc2 e4 23. c4 Bxc4 24. Nd2 Bd5 25. Qxc6 bxc6 26. b3 a5 27. Rac1 a4 28. Bc5 Bf4 29. Bxf8 Bxd2 30. Bc5 axb3 31. axb3 Bxc1 32. Rxc1 Bxb3 33. Kf1 Kg8 34. Ke2 Kf7 35. Ke3 Bd5 36. Rb1 g5 37. Rb7+ Kg6 38. Rb2 Ra5 39. Rc2 h5 40. Kd4 Kf5 41. Ke3 Rb5 42. Bd4 Rb3+ 43. Rc3 Rb5 44. Rc5 Rb3+ 45. Rc3 Rb1 46. g3 Rh1 47. g4+ hxg4 48. hxg4+ Kxg4 49. Ke2 Rb1 50. Rg3+ Kf5 51. Ra3 Rb4 52. Ke3 Rc4 53. Rc3 Ra4 54. Rc2 Ra3+ 55. Rc3 Ra2 56. Rc1 Kg4 57. Rg1+ Kf5 58. Rc1 Ra6 59. Rc5 Ke6 60. Rc3 Ra5 61. Rc5 Ra4 62. Rc1 Kd6 63. Rg1 Ra3+ 64. Kd2 Rd3+ 0-1

[Event "Chess-to-Remember Active"]
[Site "Toronto CAN"]
[Date "2016.09.25"]
[Round "4.4"]
[White "Vettese, Nicholas"]
[Black "Cai, Jason"]
[Result "1/2-1/2"]
[WhiteElo "2242"]
[BlackElo "2178"]
[PlyCount "130"]
[GameId "2160767740522668"]
[EventDate "2016.09.25"]
[EventType "swiss (rapid)"]
[EventRounds "5"]
[EventCountry "CAN"]
[WhiteClock "0:00:40"]
[BlackClock "0:00:38"]

1. e4 e6 2. d4 d5 3. Nc3 Bb4 4. exd5 exd5 5. Bd3 Nc6 6. a3 Bxc3+ 7. bxc3 Nge7 8. Qf3 Be6 9. Rb1 b6 10. Ne2 Qd7 11. Ng3 O-O-O 12. h3 g6 13. O-O Nf5 14. Bg5 Rde8 15. a4 Nd6 16. Ba6+ Kb8 17. Bf4 Na5 18. Rfd1 h5 19. Nf1 Rhg8 20. Ne3 g5 21. Be5 g4 22. hxg4 hxg4 23. Qf4 Rd8 24. c4 Ndxc4 25. Bxc4 Nxc4 26. Nxc4 dxc4 27. d5 Bxd5 28. Rxd5 Qxd5 29. Bxc7+ Ka8 30. Bxd8 Rxd8 31. Qxg4 f5 32. Qf4 Rg8 33. g3 Rh8 34. f3 Qe6 35. Qd4 Rg8 36. Kf2 Re8 37. Kg1 Rg8 38. Kf2 Re8 39. Kg1 Qc6 40. Kf2 Qxa4 41. Qd5+ Kb8 42. Qxf5 Rd8 43. Re1 Qb4 44. Qe5+ Kc8 45. Qe6+ Kb8 46. Qe5+ Kc8 47. Re2 a5 48. Qe6+ Kb8 49. Qe7 Qxe7 50. Rxe7 a4 51. Re2 c3 52. Re1 Rd2+ 53. Ke3 Rxc2 54. Kd3 Rf2 55. Kxc3 Rxf3+ 56. Kb4 a3 57. Rg1 a2 58. g4 Rg3 59. Ra1 Rxg4+ 60. Kb3 Rg2 61. Rxa2 Rxa2 62. Kxa2 Kb7 63. Kb3 b5 64. Kb4 Kb6 65. Kb3 Kc5 1/2-1/2

[Event "Chess-to-Remember Active"]
[Site "Toronto CAN"]
[Date "2016.09.25"]
[Round "5.3"]
[White "Vettese, Nicholas"]
[Black "Preotu, Razvan"]
[Result "0-1"]
[WhiteElo "2242"]
[BlackElo "2623"]
[PlyCount "100"]
[GameId "2160767740522672"]
[EventDate "2016.09.25"]
[EventType "swiss (rapid)"]
[EventRounds "5"]
[EventCountry "CAN"]
[WhiteClock "0:00:11"]
[BlackClock "0:00:20"]

1. e4 c5 2. Nf3 d6 3. d4 cxd4 4. Nxd4 Nf6 5. Nc3 a6 6. Be3 e5 7. Nb3 Be6 8. Nd5 Bxd5 9. exd5 Be7 10. c4 a5 11. a4 Na6 12. Be2 Nd7 13. O-O O-O 14. Qd2 b6 15. f4 Nac5 16. Ra3 exf4 17. Bxf4 Nxb3 18. Rxb3 Nc5 19. Rh3 f5 20. Bd3 Qd7 21. Bc2 Bf6 22. Be3 g6 23. Bd4 Bxd4+ 24. Qxd4 Rae8 25. Re3 Rxe3 26. Qxe3 Re8 27. Qf2 Qe7 28. Rd1 Qe5 29. b3 Qe3 30. Qxe3 Rxe3 31. Kf2 Rc3 32. Rd2 Nxb3 33. Bxb3 Rxb3 34. Re2 Rb4 35. Re6 Rxa4 36. Rxd6 Rb4 37. Rc6 Kf7 38. c5 bxc5 39. Rxc5 a4 40. Rc7+ Kf6 41. d6 a3 42. d7 Ke7 43. Ra7 Rb3 44. Ke2 f4 45. Kf2 g5 46. h3 h5 47. Ke2 g4 48. hxg4 hxg4 49. Kf2 Rb2+ 50. Kg1 g3 0-1

[Event "NAYCC U12"]
[Site "Windsor CAN"]
[Date "2016.08.07"]
[Round "1.89"]
[White "Vettese, Nicholas"]
[Black "Yeung, Wesley"]
[Result "1-0"]
[WhiteElo "2092"]
[BlackElo "1515"]
[PlyCount "51"]
[GameId "2160767908596309"]
[EventDate "2016.08.07"]
[EventType "swiss"]
[EventRounds "9"]
[EventCountry "CAN"]
[SourceTitle "EXT 2022"]
[Source "ChessBase"]
[SourceDate "2021.10.06"]
[SourceVersion "1"]
[SourceVersionDate "2021.10.06"]
[SourceQuality "1"]

1. e4 c5 2. Nf3 d6 3. d4 cxd4 4. Nxd4 Nf6 5. Nc3 g6 6. Be3 Bg7 7. f3 O-O 8. Qd2 Nc6 9. g4 Nxd4 10. Bxd4 Be6 11. O-O-O Rc8 12. Kb1 a6 13. h4 b5 14. h5 b4 15. Nd5 Nxd5 16. exd5 Bxd5 17. Bxg7 Bxf3 18. Bxf8 Bxh1 19. Bxa6 Ra8 20. Rxh1 Rxa6 21. hxg6 Qxf8 22. Qd3 Qa8 23. gxf7+ Kf8 24. Qxh7 e5 25. Qg8+ Ke7 26. f8=Q+ 1-0